| 000 | 01130nam a2200253 i 4500 | ||
|---|---|---|---|
| 001 | bg | ||
| 100 | 1 | _aGAMAJUNOW, Aleksander | |
| 245 | 1 | 0 |
_aRozwiązywanie zagadnień brzegowych dla pól sprzężonych w środowiskach półprzewodzących przy dużych gęstościach prądu / _cgł. wykonawcy Aleksander Gamajunow, Wojciech Lipiński ; kier. projektu Jan Purczyński ; Politechnika Szczecińska. Instytut Elektroniki i Informatyki. |
| 260 |
_aSzczecin : _bZachodniopomorskie Centrum Edukacyjne, _c1997. |
||
| 300 |
_a54 s. : _brys., wykr. ; _c23 cm. |
||
| 500 | _aPraca wyk. w ramach projektu badawczego nr 8T10A02708. | ||
| 650 | 9 |
_aPółprzewodniki _xbadanie |
|
| 650 | 9 |
_aUkłady elektroniczne _xbadanie |
|
| 650 | 9 |
_aElektrotermia _xzagadnienia |
|
| 650 | 9 |
_aMetody i |zagadnienia brzegowe _xstosowanie _xelektronika |
|
| 700 | 1 | _aLIPIŃSKI, Wojciech | |
| 700 | 1 | _aPURCZYŃSKI, Jan. | |
| 710 | 0 |
_aPOLITECHNIKA SZCZECIŃSKA (Szczecin) _bInstytut Elektroniki i Informatyki |
|
| 040 | _cBPK | ||
| 041 | 0 | _apl | |
| 080 | _a621.382:621.315.5:621.365:519.61/.64 | ||
| 942 | _cKS | ||
| 008 | s pl f |000 0 pol | ||
| 999 |
_c32916 _d32916 |
||
| 856 |
_uhttp://koha.tu.koszalin.pl/cgi-bin/koha/opac-detail.pl?biblionumber=32916 _yKatalog online BPK |
||